000 00838nam a22002657a 4500
001 BR6005946
003 BR-BrBNA
005 20230928083234.0
007 ta
008 230509b bl.||||| |||| 00| 0 por d
040 _aBR-BrBNA
_bpor
_cBiblioteca Nacional de Agricultura
041 _a(Por)
072 _aE30
090 _ E30 BR6005946
100 1 _aDorner, P.
110 1 _aAssociacao Internacional de Economistas Agricolas, Sao Paulo, SP (Brasil)
_9635
111 1 _a15. Congresso Internacional de Economistas Agricolas
_cSao Paulo, SP (Brazil)
_d20 Aug 1973
245 1 _aInstituicoes como ajuda para o desenvolvimento
260 3 _aSao Paulo, SP (Brasil):
_c1973.
300 _a10 p.
650 _aDesenvolvimento agricola
650 _aDesenvolvimento economico
909 _a202309
_bLucia
_c55
_dLucia Elande
942 _cBK
999 _c12329
_d12329